| 000 | 004770000a22001930004500 | ||
|---|---|---|---|
| 001 | 003856 | ||
| 003 | MACL | ||
| 005 | 20150828162108.0 | ||
| 008 | 150828b xxu||||| |||| 00| 0 eng d | ||
| 040 |
_aMACL _cMACL |
||
| 041 | _aEnglish | ||
| 082 | _a793.31 | ||
| 100 |
_aDutt, Gurusacay _97934 |
||
| 245 |
_aThe Folk Dabces of Bengal _cGurusacay Dutt |
||
| 260 |
_aKolkata _c2003 _bKatha Asia Library, |
||
| 350 | _a250 | ||
| 650 |
_aFolklore _97935 |
||
| 942 |
_k793.31 _cBK _2ddc |
||
| 999 |
_c15749 _d15749 |
||